000 00409nam a22001577a 4500
003 SISC
005 20160301125727.0
008 130902t xxu||||| |||| 00| 0 eng d
050 _aPS 3559.L47
_b.T94 1983
082 _aHS 812.54
_bH81 1983
245 _a24 hours--pm /
260 _aNew York :
_bDramatists Play Service Inc,
_cc1983.
300 _a56 p. :
_c20 cm.
942 _2lcc
_cBK
999 _c10214
_d10214